000 00309nam a22001337a 4500
008 171024b xxu||||| |||| 00| 0 eng d
020 _a9780321056771
041 _aeng
080 _24 ED
_a311
100 _a55
101 _aSTA
245 _aUSING MULTIVARIATE STATISTICS
_cFIDEL.L.S
942 _2udc
_cBK
999 _c35800
_d35800